01386nam a2200205 a 450000100100000000500170001000800410002704000250006810000280009324501700012126000410029130000290033250000730036150002840043450502730071850400320099170000210102370000180104471001180106200004656720240322191158.0150826s2010 dr c 000 0 spa d aDO-SdBNPbspacBNPHU1 aEspinal, Rosariod1955-10aAnálisis del sistema electoral dominicano y representación política de las mujeres /cRosario Espinal ; colaboración Sergia Galván; prólogo Yassine Fall. aSanto Domingo :br (INSTRAW),c2010. a188 p. :bils., gráfs. aIncluye referencias bibliográficas y notas al pie de las páginas aPresentado al Instituto Internacional de Investigaciones y Capacitación de las Naciones Unidas para la Promoción de la Muje(UN-INSTRAW), el Programa de Naciones Unidas para el Desarrollo (PNUD) y la Agencia Española de Cooperación Interancional para el Desarrollo (AECiD)0 aPrólogo -- Resumen ejecutivo -- Introducción -- Mujeres y política: una panorámica -- Partidos políticos y sistema electoral -- Impacto del sistema electoral en la representación política de las mujeres -- Conclusiones y recomendaciones -- Bibliografía aBibliografía : p. 179-18812aGalván, Sergia12aFall, Yassine2 aInstituto Internacional de Investigaciones y Capacitación de las Naciones Unidas para la Promoción de la Muje